Book by Last Name Mentioned Quiz Stats

 Plays Quiz Updated Sep 1, 2013

Challenge
Share
Tweet
Embed
Score 0/20 Timer 06:00
1 Play Today
Name Mentioned Book % Correct
HermioneHarry Potter and the Half-Blood Prince
89.5%
Tiny TimA Christmas Carol
84.4%
Michael CorleoneThe Godfather
74%
Sam (I am)Green Eggs and Ham
73.1%
Aunt EmThe Wonderful Wizard of Oz
72.2%
CharlotteCharlotte's Web
70.5%
Captain NemoTwenty Thousand Leagues Under the Sea
57.9%
KaramazovThe Brothers Karamazov
51%
Phileas Fogg Around the World in Eighty Days
47.9%
Miss HoneyMatilda
36.3%
Name Mentioned Book % Correct
Mock TurtleAlice's Adventures in Wonderland
29.7%
Billy PilgrimSlaughterhouse-Five
26.1%
Captain FlintTreasure Island
24.9%
JONATHAN HARKERDracula
24.8%
Aunt SallyThe Adventures of Huckleberry Finn
22%
Master ColinThe Secret Garden
13.8%
Dean MoriartyOn the Road
13.7%
Mr. PatelLife of Pi
12.1%
Uncle AndrewThe Magician's Nephew
7.4%
Aureliano BabiloniaOne Hundred Years of Solitude
7.4%

You're not logged in!

Compare scores with friends on all Sporcle quizzes.
Join for Free
OR
Log In

You Might Also Like...

Show Comments

Extras

Top Quizzes Today


Score Distribution

Your Account Isn't Verified!

In order to create a playlist on Sporcle, you need to verify the email address you used during registration. Go to your Sporcle Settings to finish the process.

Report this User

Report this user for behavior that violates our Community Guidelines.

Details: